La nao histórica Santa María en la celebración del IV centenario del descubrimiento de América / (Record no. 182892)

MARC details
000 -LEADER
campo de control de longitud fija 00735nam a2200193 i 4500
001 - NÚMERO DE CONTROL
campo de control 182892
003 - IDENTIFICADOR DE NÚMERO DE CONTROL
campo de control ES-MaACL
005 - FECHA Y HORA DE LA ÚLTIMA TRANSACCIÓN
campo de control 20230906221737.0
008 - DATOS DE LONGITUD FIJA--INFORMACIÓN GENERAL
campo de control de longitud fija 131127s1914 sp |||| | spa d
080 ## - NÚMERO DE LA CLASIFICACIÓN DECIMAL UNIVERSAL
Número de la Clasificación Decimal Universal 629.532 Santa María
080 ## - NÚMERO DE LA CLASIFICACIÓN DECIMAL UNIVERSAL
Número de la Clasificación Decimal Universal 910.4(7/8)"14"(067.5)
100 1# - ENTRADA PRINCIPAL--NOMBRE DE PERSONA
Nombre de persona Concas y Palau, Víctor.
9 (RLIN) 40067
245 13 - MENCIÓN DEL TÍTULO
Título La nao histórica Santa María en la celebración del IV centenario del descubrimiento de América /
Mención de responsabilidad, etc. por Victor Mª. Concas y Palau.
260 ## - PUBLICACIÓN, DISTRIBUCIÓN, ETC.
Lugar de publicación, distribución, etc. [S.l.] :
Nombre del editor, distribuidor, etc. [s.n.],
Fecha de publicación, distribución, etc. 1914 (
Lugar de fabricación/manufactura Madrid :
Fabricante Imp. Alemana)
300 ## - DESCRIPCIÓN FÍSICA
Extensión 144 p., [8] h. de lám. ;
Dimensiones 22 cm.
610 24 - PUNTO DE ACCESO ADICIONAL DE MATERIA--NOMBRE DE ENTIDAD CORPORATIVA
Nombre de entidad corporativa o nombre de jurisdicción como elemento de entrada Santa María (Barco)
9 (RLIN) 153893
651 #4 - PUNTO DE ACCESO ADICIONAL DE MATERIA--NOMBRE GEOGRÁFICO
Nombre geográfico América-
Subdivisión general Descubrimientos y exploraciones-
-- Españoles.
9 (RLIN) 138324
852 ## - LOCALIZACIÓN
Ubicación ES-MaACL
Número de control de estantería F-9174
Holdings
Estatus retirado Estado de pérdida Estado de daño No para préstamo Biblioteca de origen Biblioteca actual Ubicación en estantería Fecha de adquisición Fuente de adquisición Total de préstamos Signatura topográfica completa Código de barras Visto por última vez Precio de reemplazo Tipo de ítem Koha
        Biblioteca del Ateneo de Madrid Biblioteca del Ateneo de Madrid Sala Pecera Planta 2 27/11/2013     F-9174 1192215 23/02/2023 23/02/2023 Libro impreso